000 00619cab a2200193 4500
001 WB2631-20
008 090401t1990 xxu||||| |||| 00| 0 eng d
035 _a(Sirsi) u35646
041 _aeng
245 _aFeasibility study for barrage
260 _c1990
350 _a0
490 _aDepartment of Energy News Release
_vno 149, 2 August 1990 2 pages
520 _aThe Government has agreed to a pre-feasibility study of a tidal barrage on the River Wyre at Fleetwood, Lancashire .
650 _aALTERNATIVE SOURCES
690 _aENVIRONMENTAL AND LAND CONSULTANCY-ENERGY
942 _n0
948 _c04/03/1997
999 _c23319
_d23319